000 00648nam a2200133Ia 4500
008 220620s9999||||xx |||||||||||||| ||und||
022 _a16648714
100 _aBenjamin Lindner||Joshua H. Goldwyn||Mark D. McDonnell
245 0 _aNeuronal Stochastic Variability: Influences on Spiking Dynamics and Network Activity
546 _aEnglish[eng]
650 _aBalanced network||Hodgkin-Huxley model||neuronal variability||Channel noise||neural networks||heterogeneity||stochastic dynamics
856 _uhttp://journal.frontiersin.org/researchtopic/1936/neuronal-stochastic-variability-influences-on-spiking-dynamics-and-network-activity
942 _cEB
999 _c25379
_d25379